| 000 | 00000nam##2200000za#4500 |
| 001 | 9.654481 |
| 003 | CaOODSP |
| 005 | 20200401053818 |
| 007 | ta |
| 008 | 150407|1991||||xxc||||| f|0| 0 eng|d |
| 020 | |a0-662-57889-9 |
| 040 | |aCaOODSP|beng |
| 041 | |aeng |
| 041 | |afre |
| 043 | |an-cn--- |
| 086 | 1 |aH42-2/44-1990 |
| 110 | 1 |aCanada.|bHealth and Welfare Canada. |bHealth Protection Branch. |
| 245 | 10|aTherapy and management of CMV in patients with HIV infection / |cby Susan M. King. Issued by the Drugs Directorate. |
| 260 | |aOttawa - Ontario : |bHealth and Welfare Canada. |c1991. |
| 300 | |aEnglish text, 18p. : |breferences ; |c28 cm. |
| 546 | |aBilingual |
| 563 | |aSoftcover |
| 590 | |a91-19|b1991-05-10 |
| 690 | 07|aHealth protection|2gcpds |
| 720 | 1 |aKing, Susan M. |
| 776 | 0#|tTherapy and management of CMV in patients with HIV infection : |w(CaOODSP)9.695821 |
| 776 | 0#|tTraitement des infections à CMV chez les personnes infectées par le VIH et prise en charge des malades : |w(CaOODSP)9.639910 |
| 792 | |tTraitement des infections à CMV chez les personnes infectées par le VIH et prise en charge des malades / |efre|w(CaOODSP)9.654482 |
| 986 | |aDD-90-12 |